| 000 | 00412nam a22001817a 4500 | ||
|---|---|---|---|
| 003 | CEME | ||
| 005 | 20210628210512.0 | ||
| 008 | 210208b xxu||||| |||| 00| 0 eng d | ||
| 020 | _a0-87040-465-2 | ||
| 040 | _c. | ||
| 082 | _a746.44 OND | ||
| 100 |
_aOndori _979648 |
||
| 245 | _aEmbrodiery patterns | ||
| 260 |
_aTOKOYO _bONDORI _c1999 |
||
| 300 | _a48P | ||
| 650 |
_aEMBROIDERY _932735 |
||
| 942 |
_cBK _2ddc |
||
| 999 |
_c584668 _d584668 |
||